Sistema de precios y asignación de recursos

Spremljeno u:
Bibliografski detalji
Glavni autori: Leftwich, Richard H (Autor), Eckert, Ross D (Autor)
Format: Knjiga
Jezik:španjolski
Izdano: Ciudad de México McGraw-Hill 1987
Izdanje:4a. ed
Teme:
Oznake: Dodaj oznaku
Bez oznaka, Budi prvi tko označuje ovaj zapis!

MARC

LEADER 00000nam a2200000 a 4500
001 UCX5151
003 CL-VaPUC
008 920928e19870000MX |||||||||||||||||spa|d
082 0 4 |a 338.5  |b LEF  |2 21 
100 |a Leftwich, Richard H  |e author  |9 409159 
700 0 |a Eckert, Ross D  |e author  |9 321466 
245 1 0 |a Sistema de precios y asignación de recursos 
250 |a 4a. ed 
300 |a 637 p 
942 |c BK 
945 |d 19920928 00:00:00 
260 |a Ciudad de México  |b McGraw-Hill  |c 1987 
650 0 |a Política de precios  |9 259481 
650 0 |a Comercialización   |9 259326 
583 |a last modification  |c 19920928 00:00:00  |k Rodrigo Vera 
999 |c 225472  |d 225470 
952 |0 0  |1 0  |4 0  |6 338_500000000000000_LEF_1987  |7 0  |8 A  |9 223020  |a BIBENE  |b BIBENE  |d 2019-11-15  |i 2918420  |o 338.5 LEF 1987  |p 2918420  |r 2025-01-15  |w 2019-11-15  |y BK  |k ICO 
952 |0 0  |1 0  |4 0  |6 338_500000000000000_LEF_1987  |7 0  |8 A  |9 223021  |a BIBENE  |b BIBENE  |d 2019-11-15  |i 2918439  |o 338.5 LEF 1987  |p 2918439  |r 2025-01-15  |w 2019-11-15  |y BK  |k ICO 
952 |0 0  |1 0  |2 ddc  |4 0  |6 338_500000000000000_LEF_1987  |7 0  |8 A  |9 223022  |a BIBCUR  |b BIBCUR  |c PAC  |d 2019-11-15  |i 3340813  |o 338.5 LEF 1987  |p 3340813  |r 2025-04-22  |w 2019-11-15  |y BK  |k CIM